विचार को बदलना सीखें / (Record no. 13956)

MARC details
000 -LEADER
fixed length control field 01021nam a22002177a 4500
005 - DATE AND TIME OF LATEST TRANSACTION
control field 20080624151852.0
008 - FIXED-LENGTH DATA ELEMENTS--GENERAL INFORMATION
fixed length control field 080624t xxu||||| |||| 00| 0 hin d
010 ## - LCCN (DPL NO)
LC control number HIN-46020
020 ## - INTERNATIONAL STANDARD BOOK NUMBER
Terms of availability 110.00
035 ## - SYSTEM CONTROL NUMBER
System control number HN-27346
037 ## - SOURCE OF ACQUISITION
Source of stock number/acquisition DBAD
040 ## - CATALOGING SOURCE
Original cataloging agency dpl
Language of cataloging HN
082 ## - DEWEY DECIMAL CLASSIFICATION NUMBER
Classification number 181.492 / महाप्र
100 ## - MAIN ENTRY--PERSONAL NAME
Personal name महाप्रज्ञ
245 ## - TITLE STATEMENT
Title विचार को बदलना सीखें /
Statement of responsibility, etc महाप्रज्ञ, धनंजयकुमार द्वारा संपादित
260 ## - PUBLICATION, DISTRIBUTION, ETC. (IMPRINT)
Place of publication, distribution, etc चूरू
Name of publisher, distributor, etc आदर्श साहित्य संघ
Date of publication, distribution, etc 1999
300 ## - PHYSICAL DESCRIPTION
Extent 178पृ.
Dimensions 23सेमी.
700 ## - ADDED ENTRY--PERSONAL NAME
Personal name धनंजयकुमार द्वारा संपादित
942 ## - ADDED ENTRY ELEMENTS (KOHA)
Item type Hindi Books
Source of classification or shelving scheme Dewey Decimal Classification
Classification part 181.492
Call number suffix महाप्र
Holdings
Withdrawn status Lost status Source of classification or shelving scheme Damaged status Not for loan Collection code Home library Current library Date acquired Cost, normal purchase price Total Checkouts Full call number Barcode Date last seen Copy number Cost, replacement price Koha item type
    Dewey Decimal Classification   Not For Loan Fiction D.B.Act.Division D.B.Act.Division 24/06/2008 110.00   181.492 / महाप्र HN-27346 15/09/2008 1 110.00 Hindi Books

© Delhi Public Library
Hit Counter
free hit counter